| 000 | 00000nam##2200000za#4500 |
| 001 | 9.575140 |
| 003 | CaOODSP |
| 005 | 20220125145841 |
| 007 | cr ||||||||||| |
| 008 | 150406|2006||||xxc|||||o f|0| 0 eng|d |
| 040 | |aCaOODSP|beng |
| 043 | |an-cn--- |
| 086 | 1 |aD4-4/2-2-2006E-PDF |
| 110 | 1 |aCanada. |bDepartment of National Defence. |
| 245 | 10|aServing the greater good : |h[electronic resource]|bperspectives of operational duty / |cedited by Bernd Horn; Produced for the Canadian Defence Academy Press by 17 Wing Winnipeg Publishing Office. |
| 260 | |aKingston - Ontario : |bNational Defence |cc2006. |
| 300 | |a211p.|bindex |
| 490 | 1 |aIn harm's way |
| 500 | |aThe catalogue number (D4-4/2-2-2006E) and ISBN (0-662-43496-X (paperback) and 0-662-43495-1 (hardcover)) for the print edition have been incorrectly copied in this electronic publication. |
| 590 | |a12-38-Supp|b2012-09-27 |
| 690 | 07|aArmed forces|2gcpds |
| 690 | 07|aMilitary command|2gcpds |
| 690 | 07|aLeadership|2gcpds |
| 775 | 08|tContribuer à l'intérêt commun : |w(CaOODSP)9.604753 |
| 776 | 0#|tServing the greater good : |w(CaOODSP)9.617875 |
| 830 | #0|aIn harm's way.|w(CaOODSP)9.506945 |
| 856 | 40|ahttp://publications.gc.ca|qPDF|s1.28 MB|uhttps://publications.gc.ca/collections/collection_2012/dn-nd/D4-4-2-2-2006-eng.pdf |